| 000 | 00899 a2200265 4500 | ||
|---|---|---|---|
| 005 | 20251128113220.0 | ||
| 008 | 251127b |||||||| |||| 00| 0 eng d | ||
| 020 | _a9781041115021 (hbk) | ||
| 037 | _cTB | ||
| 040 |
_aAL _cAL |
||
| 041 |
_2eng _aeng |
||
| 084 |
_aV2:196.P R5 _qTB |
||
| 100 |
_aRowden, Rick _9821535 |
||
| 245 | _aIndia-Africa economic relations in the new global economy | ||
| 260 |
_aLondon, UK; _aNew York, USA: _bRoutledge, _c2025. |
||
| 300 | _axxi, 262p. | ||
| 365 |
_b1495.00 _cINR |
||
| 490 | _aCritical political economy of South Asia | ||
| 650 |
_aHistory _9853387 |
||
| 650 |
_aIndia - History _9853388 |
||
| 650 |
_aAfrica History _9853389 |
||
| 650 |
_aForeign Relation _9853390 |
||
| 942 |
_cTB _2CC _n0 _hV2:196.P R5 |
||
| 999 |
_c1435553 _d1435553 |
||